[Event "Uruguay ch 2011"]
[Site "Montevideo URU"]
[Date "2011.03.28"]
[Round "5.2"]
[White "Arean, Martin"]
[Black "Muniz, Rafael"]
[Result "0-1"]
[WhiteElo "1982"]
[BlackElo "2190"]
[PlyCount "74"]
[EventDate "2011.03.25"]
[EventType "tourn"]
[EventRounds "11"]
[EventCountry "URU"]
[EventCategory "1"]
[Source "lmi"]
[SourceDate "2011.03.25"]

1. d4 Nf6 2. c4 c5 3. d5 d6 4. Nc3 g6 5. e4 Bg7 6. Nf3 O-O 7. Be2 Bg4 8. O-O
Bxf3 9. Bxf3 Na6 10. Bg5 Nc7 11. a4 Re8 12. Qd2 Rb8 13. Rae1 a6 14. Bd1 Nd7 15.
f4 b5 16. e5 f6 17. Bh4 dxe5 18. f5 g5 19. Bf2 bxc4 20. Ne4 Nb6 21. Bh5 Rf8 22.
Bxc5 Nxa4 23. Bb4 Nxd5 24. Ba5 Qd7 25. Rd1 Qa7+ 26. Rf2 Nf4 27. Qc2 Nxb2 28.
Rb1 Nfd3 29. Rxb2 Nxb2 30. Kh1 Rfc8 31. Be2 Nd3 32. Bxd3 cxd3 33. Qa2+ Kh8 34.
Rf1 Qb7 35. Nd2 Qb5 36. Ra1 Qb2 37. h3 Rc1+ 0-1

[Event "Uruguay ch 2011"]
[Site "Montevideo URU"]
[Date "2011.03.28"]
[Round "5.3"]
[White "Roselli Mailhe, Bernardo"]
[Black "Guerrero, Alvaro"]
[Result "1-0"]
[WhiteElo "2420"]
[BlackElo "2216"]
[PlyCount "107"]
[EventDate "2011.03.25"]
[EventType "tourn"]
[EventRounds "11"]
[EventCountry "URU"]
[EventCategory "1"]
[Source "lmi"]
[SourceDate "2011.03.25"]

1. d4 Nf6 2. c4 g6 3. Nc3 Bg7 4. e4 d6 5. f3 O-O 6. Be3 c5 7. d5 e6 8. Qd2 exd5
9. cxd5 a6 10. a4 Nbd7 11. Nh3 Ne5 12. Nf2 Bd7 13. Be2 b5 14. axb5 axb5 15.
Rxa8 Qxa8 16. Nxb5 Qa1+ 17. Qc1 Qa5+ 18. Nc3 Rb8 19. O-O Qb6 20. Qd2 Qxb2 21.
Rb1 Qxb1+ 22. Nxb1 Rxb1+ 23. Nd1 Ba4 24. Qa2 Bxd1 25. Qxb1 Bxe2 26. Qb8+ Bf8
27. Qd8 Nh5 28. Bh6 Ng7 29. Bg5 Bb5 30. f4 Nd3 31. Qb8 Bd7 32. Qb7 Be8 33. Qa6
Nb4 34. Qc8 Nd3 35. g3 Ne1 36. Bf6 Bb5 37. Qb8 Bd7 38. Qd8 Bb5 39. Qa5 Nh5 40.
Bb2 Nf3+ 41. Kf2 f5 42. Qxb5 fxe4 43. Qe8 Ng7 44. Qxe4 Nxh2 45. Qc2 Ng4+ 46.
Kf3 Nh6 47. g4 Nf7 48. Qe4 g5 49. f5 h5 50. f6 hxg4+ 51. Kg2 Ne5 52. Bxe5 dxe5
53. Qg6 Kh8 54. f7 1-0

[Event "Uruguay ch 2011"]
[Site "Montevideo URU"]
[Date "2011.03.28"]
[Round "5.4"]
[White "Curi, Gabriel"]
[Black "Larrea, Manuel"]
[Result "0-1"]
[WhiteElo "2195"]
[BlackElo "2284"]
[PlyCount "126"]
[EventDate "2011.03.25"]
[EventType "tourn"]
[EventRounds "11"]
[EventCountry "URU"]
[EventCategory "1"]
[Source "lmi"]
[SourceDate "2011.03.25"]

1. e4 c5 2. Nf3 Nc6 3. d4 cxd4 4. Nxd4 Nf6 5. Nc3 e5 6. Ndb5 d6 7. Bg5 a6 8.
Na3 Be6 9. Nc4 Rc8 10. Bxf6 gxf6 11. Ne3 Bh6 12. Ncd5 Bxe3 13. Nxe3 Qb6 14. Bd3
Qb4+ 15. Kf1 Qxb2 16. Rb1 Qxa2 17. Rxb7 O-O 18. g4 Rb8 19. Rxb8 Rxb8 20. Kg2
Ne7 21. h4 Ng6 22. g5 Qa5 23. Ng4 Nf4+ 24. Kg3 Bxg4 25. Qxg4 Kh8 26. Qf5 Qd8
27. Bxa6 Ne6 28. Bc4 fxg5 29. Bxe6 fxe6 30. Qxe6 gxh4+ 31. Rxh4 Qg8+ 32. Qxg8+
Rxg8+ 33. Kh3 Rg1 34. Kh2 Rc1 35. Rh6 Rxc2 36. Kg3 Rd2 37. f4 Kg7 38. Re6 exf4+
39. Kxf4 Rf2+ 40. Kg5 Rg2+ 41. Kh5 Rg6 42. Re7+ Kf6 43. Rd7 Ke5 44. Rxh7 Re6
45. Kg5 Kxe4 46. Rh1 Re5+ 47. Kg4 d5 48. Re1+ Kd4 49. Rd1+ Kc3 50. Kf4 Re4+ 51.
Kf3 Rd4 52. Rc1+ Kd2 53. Ra1 Rc4 54. Ra2+ Kd3 55. Ra3+ Rc3 56. Ra4 d4 57. Kf2
Rc2+ 58. Ke1 Ke3 59. Kd1 Rh2 60. Ra8 Rh1+ 61. Kc2 d3+ 62. Kc3 Rc1+ 63. Kb2 d2
0-1

[Event "Uruguay ch 2011"]
[Site "Montevideo URU"]
[Date "2011.03.28"]
[Round "5.5"]
[White "Granara Barreto, Sebastian"]
[Black "Arcos Facio, Mateo"]
[Result "1-0"]
[WhiteElo "2171"]
[BlackElo "2109"]
[PlyCount "73"]
[EventDate "2011.03.25"]
[EventType "tourn"]
[EventRounds "11"]
[EventCountry "URU"]
[EventCategory "1"]
[Source "lmi"]
[SourceDate "2011.03.25"]

1. Nf3 Nf6 2. c4 g6 3. g3 Bg7 4. Bg2 O-O 5. O-O d6 6. Nc3 e5 7. Rb1 h6 8. d3
Be6 9. Bd2 Nh5 10. Ne1 c6 11. b4 Qd7 12. b5 f5 13. Qb3 Rf7 14. b6 a6 15. Nd5
Bxd5 16. cxd5 c5 17. Nc2 Qe7 18. Bh3 Nd7 19. Qa4 Nf8 20. Ne3 Nh7 21. Bg2 Raf8
22. Bf3 N5f6 23. h4 f4 24. Ng4 g5 25. h5 Nxh5 26. Nxh6+ Bxh6 27. Bxh5 Rg7 28.
Bg4 Nf6 29. Be6+ Kh8 30. g4 f3 31. exf3 Nh5 32. gxh5 Rf4 33. Qd7 Qf6 34. Qc8+
Kh7 35. Bxf4 gxf4+ 36. Bg4 Qh4 37. Kg2 1-0

[Event "Uruguay ch 2011"]
[Site "Montevideo URU"]
[Date "2011.03.28"]
[Round "5.6"]
[White "Crosa Coll, Martin"]
[Black "Colombo, Camila"]
[Result "1-0"]
[WhiteElo "2354"]
[BlackElo "2094"]
[PlyCount "89"]
[EventDate "2011.03.25"]
[EventType "tourn"]
[EventRounds "11"]
[EventCountry "URU"]
[EventCategory "1"]
[Source "lmi"]
[SourceDate "2011.03.25"]

1. e4 e6 2. Nf3 d5 3. e5 c5 4. c3 Nc6 5. Na3 Nh6 6. Nc2 Nf5 7. d4 cxd4 8. cxd4
Qb6 9. Bd3 Bd7 10. Bxf5 exf5 11. O-O h6 12. h4 a5 13. Re1 Be7 14. a3 a4 15. Bd2
Be6 16. Rb1 O-O 17. Qc1 Kh7 18. Bc3 Rfc8 19. g3 Na5 20. Qf4 Qd8 21. Nb4 Nc4 22.
Bd2 Qb6 23. Rec1 Rg8 24. Kg2 Rgc8 25. Bc3 Qd8 26. Nd3 Kg8 27. Bb4 Bxb4 28. Nxb4
Qb6 29. Rc3 Na5 30. Rbc1 Nc4 31. R1c2 Rc7 32. Nd2 Rd8 33. Nf1 h5 34. Nd2 g6 35.
Nf3 Kg7 36. Qg5 Rcc8 37. Nd3 Re8 38. Nf4 Rh8 39. Qf6+ Kg8 40. Rxc4 dxc4 41. d5
Re8 42. dxe6 fxe6 43. Qxg6+ Kf8 44. Qf6+ Kg8 45. Ng5 1-0

[Event "Uruguay ch 2011"]
[Site "Montevideo URU"]
[Date "2011.03.29"]
[Round "6.1"]
[White "Alonso, Salvador"]
[Black "Colombo, Camila"]
[Result "1-0"]
[WhiteElo "2467"]
[BlackElo "2094"]
[PlyCount "81"]
[EventDate "2011.03.25"]
[EventType "tourn"]
[EventRounds "11"]
[EventCountry "URU"]
[EventCategory "1"]
[Source "lmi"]
[SourceDate "2011.03.25"]

1. e4 e6 2. d4 d5 3. Nd2 Nf6 4. e5 Nfd7 5. Ngf3 c5 6. c3 Nc6 7. Bd3 cxd4 8.
cxd4 Nb6 9. O-O Bd7 10. Nb1 Nb4 11. Be2 a5 12. Nc3 a4 13. a3 Nc6 14. Bd3 Na5
15. Bc2 Nac4 16. Ng5 g6 17. Qf3 Qe7 18. Qg3 Bc6 19. h4 Na5 20. Rb1 Nb3 21. Bxb3
axb3 22. Re1 Nc4 23. Nf3 Qc7 24. Nd2 Qb6 25. Ne2 Ba4 26. Nf3 Qa5 27. Nf4 Be7
28. Nd3 b5 29. Bg5 Bf8 30. h5 h6 31. hxg6 hxg5 32. Nxg5 O-O-O 33. Nxf7 Bg7 34.
Nf4 Qb6 35. Qg4 Rhe8 36. Nh5 Rg8 37. Nxd8 Kxd8 38. Qg5+ Kd7 39. Nf6+ Bxf6 40.
exf6 Qxd4 41. Rbd1 1-0

[Event "Uruguay ch 2011"]
[Site "Montevideo URU"]
[Date "2011.03.29"]
[Round "6.2"]
[White "Arcos Facio, Mateo"]
[Black "Crosa Coll, Martin"]
[Result "0-1"]
[WhiteElo "2110"]
[BlackElo "2354"]
[PlyCount "86"]
[EventDate "2011.03.25"]
[EventType "tourn"]
[EventRounds "11"]
[EventCountry "URU"]
[EventCategory "1"]
[Source "lmi"]
[SourceDate "2011.03.25"]

1. e4 c5 2. Nf3 Nc6 3. d4 cxd4 4. Nxd4 Nf6 5. Nc3 e5 6. Ndb5 d6 7. Bg5 a6 8.
Na3 b5 9. Bxf6 gxf6 10. Nd5 Bg7 11. Bd3 Ne7 12. Nxe7 Qxe7 13. c4 f5 14. O-O O-O
15. Qh5 d5 16. cxd5 f4 17. Rac1 Kh8 18. Rfd1 Rd8 19. Nb1 Rb8 20. Rc2 Bd7 21.
Nd2 Rb6 22. Be2 Rh6 23. Qf3 Qh4 24. h3 Rg6 25. Qh5 Qe7 26. Kf1 Rg5 27. Qf3 Rg8
28. Qa3 Qf6 29. Bf3 Bf8 30. Qa5 b4 31. a4 bxa3 32. bxa3 Bb5+ 33. Nc4 Qg6 34. a4
Bxc4+ 35. Rxc4 Rxg2 36. Ke2 Rh2 37. Rc6 Qg5 38. Rc8 Rxh3 39. Qd8 f6 40. Qd7
Rxf3 41. Rh1 Rxf2+ 42. Kd3 Qg3+ 43. Kc4 Rc2# 0-1

[Event "Uruguay ch 2011"]
[Site "Montevideo URU"]
[Date "2011.03.29"]
[Round "6.3"]
[White "Larrea, Manuel"]
[Black "Granara Barreto, Sebastian"]
[Result "1-0"]
[WhiteElo "2284"]
[BlackElo "2171"]
[PlyCount "45"]
[EventDate "2011.03.25"]
[EventType "tourn"]
[EventRounds "11"]
[EventCountry "URU"]
[EventCategory "1"]
[Source "lmi"]
[SourceDate "2011.03.25"]

1. e4 c5 2. Nc3 Nc6 3. Bb5 Nd4 4. Bc4 e6 5. Nf3 a6 6. a4 Ne7 7. Nxd4 cxd4 8.
Ne2 d5 9. exd5 Nxd5 10. O-O Nf6 11. d3 Bd6 12. Ng3 h6 13. Qf3 Qc7 14. Re1 Bd7
15. Nf5 Bxh2+ 16. Kh1 Be5 17. Nxg7+ Kf8 18. Rxe5 Qxe5 19. Bf4 Qa5 20. b4 Bc6
21. Qg3 Qg5 22. Bxg5 hxg5+ 23. Kg1 1-0

[Event "Uruguay ch 2011"]
[Site "Montevideo URU"]
[Date "2011.03.29"]
[Round "6.4"]
[White "Guerrero, Alvaro"]
[Black "Curi, Gabriel"]
[Result "0-1"]
[WhiteElo "2216"]
[BlackElo "2195"]
[PlyCount "50"]
[EventDate "2011.03.25"]
[EventType "tourn"]
[EventRounds "11"]
[EventCountry "URU"]
[EventCategory "1"]
[Source "lmi"]
[SourceDate "2011.03.25"]

1. d4 d5 2. c4 c6 3. Nc3 Nf6 4. Nf3 e6 5. Bg5 dxc4 6. a4 Bb4 7. e4 b5 8. e5 h6
9. Bh4 g5 10. Bg3 Nd5 11. Rc1 Nd7 12. Be2 Qa5 13. Qc2 N7b6 14. axb5 cxb5 15.
O-O Bxc3 16. bxc3 Na4 17. Nd2 Naxc3 18. Bxc4 bxc4 19. Nxc4 Qa4 20. Nd6+ Ke7 21.
Qd2 Qxd4 22. Qb2 a5 23. h4 Ba6 24. Rfe1 Rab8 25. Qc2 Qd3 0-1

[Event "Uruguay ch 2011"]
[Site "Montevideo URU"]
[Date "2011.03.29"]
[Round "6.5"]
[White "Muniz, Rafael"]
[Black "Roselli Mailhe, Bernardo"]
[Result "0-1"]
[WhiteElo "2190"]
[BlackElo "2420"]
[PlyCount "74"]
[EventDate "2011.03.25"]
[EventType "tourn"]
[EventRounds "11"]
[EventCountry "URU"]
[EventCategory "1"]
[Source "lmi"]
[SourceDate "2011.03.25"]

1. e4 e6 2. d4 d5 3. Nc3 Bb4 4. e5 c5 5. Bd2 cxd4 6. Nb5 Bc5 7. Qg4 g6 8. b4
Bf8 9. Nxd4 Nc6 10. Nxc6 bxc6 11. Nf3 Bg7 12. Bd3 Ne7 13. h4 Qc7 14. O-O f6 15.
h5 fxe5 16. Bc3 Nf5 17. Bxf5 exf5 18. Qg3 f4 19. Qg5 e4 20. Bxg7 Qxg7 21. Qxf4
Rf8 22. Qe5+ Qxe5 23. Nxe5 Rf6 24. hxg6 hxg6 25. f3 Re6 26. Ng4 Kd8 27. Kf2 Kc7
28. Rh1 d4 29. Rhe1 e3+ 30. Kg3 Ba6 31. f4 Bc4 32. Ne5 Bd5 33. Rad1 g5 34. Nf3
gxf4+ 35. Kxf4 Rf8+ 36. Kg3 Bxf3 37. Rxd4 Rg6+ 0-1

[Event "Uruguay ch 2011"]
[Site "Montevideo URU"]
[Date "2011.03.29"]
[Round "6.6"]
[White "Rodriguez Vila, Andres"]
[Black "Arean, Martin"]
[Result "1-0"]
[WhiteElo "2527"]
[BlackElo "1982"]
[PlyCount "59"]
[EventDate "2011.03.25"]
[EventType "tourn"]
[EventRounds "11"]
[EventCountry "URU"]
[EventCategory "1"]
[Source "lmi"]
[SourceDate "2011.03.25"]

1. e4 c5 2. Nf3 d6 3. d4 cxd4 4. Nxd4 Nf6 5. f3 a6 6. c4 e6 7. Nc3 Be7 8. Be3
Nbd7 9. Be2 Qc7 10. Qd2 b6 11. O-O Bb7 12. a4 O-O 13. Rfc1 Rac8 14. a5 bxa5 15.
Nb3 Rfd8 16. Nxa5 Ne5 17. Bf1 Ba8 18. Qf2 Nfd7 19. b4 Rb8 20. Nd5 exd5 21. cxd5
Nc5 22. bxc5 dxc5 23. Bxc5 Bxc5 24. Qxc5 Qd7 25. Bxa6 Rb2 26. Qd4 Rdb8 27. Qxe5
Qa7+ 28. Kh1 Qxa6 29. Nb3 Qe2 30. Qxb8# 1-0

[Event "Uruguay ch 2011"]
[Site "Montevideo URU"]
[Date "2011.03.30"]
[Round "7.1"]
[White "Arean, Martin"]
[Black "Alonso, Salvador"]
[Result "0-1"]
[WhiteElo "1982"]
[BlackElo "2467"]
[PlyCount "48"]
[EventDate "2011.03.25"]
[EventType "tourn"]
[EventRounds "11"]
[EventCountry "URU"]
[EventCategory "1"]
[Source "lmi"]
[SourceDate "2011.03.25"]

1. d4 Nf6 2. Nf3 g6 3. Nbd2 d5 4. e3 Bg7 5. Bd3 O-O 6. O-O c5 7. c3 Nbd7 8. Re1
Qc7 9. e4 cxd4 10. cxd4 dxe4 11. Nxe4 Nxe4 12. Rxe4 Nf6 13. Re1 Qd6 14. Be3 Be6
15. Qd2 Bd5 16. Bf4 Qd8 17. Ne5 Qb6 18. Qe3 Rad8 19. h3 Be6 20. Bh6 Qxd4 21.
Qg5 Rd5 22. Rad1 Bxh6 23. Qxh6 Rxe5 24. Be4 Qb6 0-1

[Event "Uruguay ch 2011"]
[Site "Montevideo URU"]
[Date "2011.03.30"]
[Round "7.2"]
[White "Roselli Mailhe, Bernardo"]
[Black "Rodriguez Vila, Andres"]
[Result "1/2-1/2"]
[WhiteElo "2420"]
[BlackElo "2527"]
[PlyCount "32"]
[EventDate "2011.03.25"]
[EventType "tourn"]
[EventRounds "11"]
[EventCountry "URU"]
[EventCategory "1"]
[Source "lmi"]
[SourceDate "2011.03.25"]

1. d4 Nf6 2. c4 e6 3. Nf3 Bb4+ 4. Bd2 Qe7 5. g3 Nc6 6. Bg2 Bxd2+ 7. Nbxd2 d6 8.
O-O a5 9. e4 e5 10. d5 Nb8 11. b3 Na6 12. a3 O-O 13. Ne1 Bg4 14. f3 Bd7 15. Nd3
c6 16. Qe2 Rfc8 1/2-1/2

[Event "Uruguay ch 2011"]
[Site "Montevideo URU"]
[Date "2011.03.30"]
[Round "7.3"]
[White "Curi, Gabriel"]
[Black "Muniz, Rafael"]
[Result "1/2-1/2"]
[WhiteElo "2195"]
[BlackElo "2190"]
[PlyCount "57"]
[EventDate "2011.03.25"]
[EventType "tourn"]
[EventRounds "11"]
[EventCountry "URU"]
[EventCategory "1"]
[Source "lmi"]
[SourceDate "2011.03.25"]

1. e4 c5 2. c3 Nf6 3. e5 Nd5 4. Nf3 e6 5. d4 cxd4 6. cxd4 d6 7. a3 Nc6 8. Bd3
Be7 9. O-O O-O 10. Re1 dxe5 11. dxe5 Qb6 12. Qe2 g6 13. Bh6 Rd8 14. Nbd2 Nd4
15. Qe4 Nxf3+ 16. Nxf3 Bd7 17. Bg5 Bc6 18. Qh4 Qc7 19. Rac1 h5 20. Bc4 Bxg5 21.
Nxg5 Qe7 22. Qg3 Nc7 23. Red1 Rxd1+ 24. Rxd1 Rd8 25. Rd6 Ne8 26. Rxd8 Qxd8 27.
Qf4 Qe7 28. h4 Kg7 29. Qd4 1/2-1/2

[Event "Uruguay ch 2011"]
[Site "Montevideo URU"]
[Date "2011.03.30"]
[Round "7.4"]
[White "Granara Barreto, Sebastian"]
[Black "Guerrero, Alvaro"]
[Result "1-0"]
[WhiteElo "2171"]
[BlackElo "2216"]
[PlyCount "113"]
[EventDate "2011.03.25"]
[EventType "tourn"]
[EventRounds "11"]
[EventCountry "URU"]
[EventCategory "1"]
[Source "lmi"]
[SourceDate "2011.03.25"]

1. Nf3 Nf6 2. d4 d6 3. Nc3 Nbd7 4. e4 e5 5. g3 Be7 6. Bg2 O-O 7. O-O c6 8. a4
a5 9. h3 Qc7 10. Be3 Re8 11. Re1 Bf8 12. Nd2 b6 13. g4 g6 14. Nf1 Bg7 15. d5 c5
16. Ng3 Rf8 17. Bf1 Ne8 18. Qd2 Qd8 19. Bb5 Rb8 20. Kg2 Nc7 21. Rh1 Nxb5 22.
Nxb5 Nf6 23. f3 Ne8 24. h4 f5 25. gxf5 gxf5 26. Bg5 Bf6 27. Na7 Bxg5 28. Qxg5+
Qxg5 29. hxg5 Ng7 30. Rh6 fxe4 31. Nxe4 Nf5 32. Nf6+ Kg7 33. Rxh7+ Kg6 34. Rh2
Ne3+ 35. Kf2 Ng4+ 36. fxg4 Kxg5 37. Kg3 Rxf6 38. Rh8 Rf3+ 39. Kg2 Rf4 40. Rg8+
Kf6 41. Rxc8 Rxg4+ 42. Kf3 Rxc8 43. Nxc8 Rd4 44. Ke3 Rxd5 45. c3 e4 46. Nxb6
Rd3+ 47. Kxe4 Rd2 48. Rb1 Ke6 49. Nc4 Rh2 50. Nxa5 Rh4+ 51. Kd3 Rxa4 52. Nc4
Ra7 53. Rh1 Rg7 54. Rh6+ Ke7 55. Nxd6 Rg2 56. b3 Rb2 57. Kc4 1-0

[Event "Uruguay ch 2011"]
[Site "Montevideo URU"]
[Date "2011.03.30"]
[Round "7.5"]
[White "Crosa Coll, Martin"]
[Black "Larrea, Manuel"]
[Result "1/2-1/2"]
[WhiteElo "2354"]
[BlackElo "2284"]
[PlyCount "96"]
[EventDate "2011.03.25"]
[EventType "tourn"]
[EventRounds "11"]
[EventCountry "URU"]
[EventCategory "1"]
[Source "lmi"]
[SourceDate "2011.03.25"]

1. g3 Nf6 2. Bg2 g6 3. e4 d6 4. Ne2 c5 5. c3 Bg7 6. h3 O-O 7. O-O Nbd7 8. d4
Rb8 9. a4 b6 10. Na3 Bb7 11. d5 Re8 12. Bg5 h6 13. Be3 e6 14. Nb5 exd5 15. Nxd6
dxe4 16. Nxe8 Qxe8 17. a5 Ne5 18. axb6 axb6 19. Bf4 Nf3+ 20. Kh1 Rd8 21. Qb3
Nd5 22. Rfd1 g5 23. Be3 Bc6 24. Ng1 Ra8 25. Rxa8 Qxa8 26. Bxf3 Nxe3 27. Re1 c4
28. Qa3 Qxa3 29. bxa3 Nc2 30. Bxe4 Nxe1 31. Bxc6 Nc2 32. Ne2 Nxa3 33. Kg2 Kf8
34. Kf3 Ke7 35. Ke4 Kd6 36. Be8 Ke6 37. g4 Nb1 38. Bb5 Nxc3+ 39. Nxc3 Bxc3 40.
Bxc4+ Kf6 41. f3 Be5 42. Bb5 Bg3 43. Bc4 Ke7 44. Kd5 Bf2 45. Bb5 Bc5 46. Ke5
Bd6+ 47. Kd5 Bh2 48. Bd3 Kd7 1/2-1/2

[Event "Uruguay ch 2011"]
[Site "Montevideo URU"]
[Date "2011.03.30"]
[Round "7.6"]
[White "Colombo, Camila"]
[Black "Arcos Facio, Mateo"]
[Result "0-1"]
[WhiteElo "2094"]
[BlackElo "2109"]
[PlyCount "96"]
[EventDate "2011.03.25"]
[EventType "tourn"]
[EventRounds "11"]
[EventCountry "URU"]
[EventCategory "1"]
[Source "lmi"]
[SourceDate "2011.03.25"]

1. d4 Nf6 2. c4 g6 3. Nc3 Bg7 4. e4 d6 5. f3 O-O 6. Bg5 a6 7. Qd2 Nbd7 8. Nh3
c5 9. d5 b5 10. cxb5 Qa5 11. Nf2 axb5 12. Bxb5 Ba6 13. Bxa6 Qxa6 14. Bh6 Bxh6
15. Qxh6 Rfb8 16. Qd2 Ne5 17. Rb1 Rb4 18. Qe2 c4 19. O-O Qb6 20. Kh1 Rb8 21. f4
Ned7 22. e5 Nh5 23. e6 Ndf6 24. exf7+ Kxf7 25. Qe6+ Kf8 26. Rbe1 Qa7 27. Nfd1
Ng7 28. Qe2 h5 29. a3 R4b7 30. Qxc4 Nf5 31. Ne4 Rc7 32. Qd3 Nxe4 33. Qxe4 Rb3
34. Rf3 Rxf3 35. Qxf3 Rc2 36. g4 hxg4 37. Qd3 Rc1 38. Qd2 Qc5 39. Nc3 Rxe1+ 40.
Qxe1 Qd4 41. Qe4 Qf2 42. Qg2 Qxf4 43. Ne2 Qd2 44. Nc3 Qc1+ 45. Qg1 Qxb2 46. Ne4
Qxa3 47. Ng5 Qd3 48. Qa1 Qxd5+ 0-1

[Event "Uruguay ch 2011"]
[Site "Montevideo URU"]
[Date "2011.03.31"]
[Round "8.1"]
[White "Alonso, Salvador"]
[Black "Arcos Facio, Mateo"]
[Result "1/2-1/2"]
[WhiteElo "2467"]
[BlackElo "2109"]
[PlyCount "95"]
[EventDate "2011.03.25"]
[EventType "tourn"]
[EventRounds "11"]
[EventCountry "URU"]
[EventCategory "1"]
[Source "lmi"]
[SourceDate "2011.03.25"]

1. e4 e5 2. Nf3 Nc6 3. Bc4 Nf6 4. d3 Bc5 5. c3 a6 6. Bb3 Ba7 7. O-O d6 8. Be3
O-O 9. Nbd2 Ne7 10. Nh4 Bg4 11. Qe1 Nh5 12. Bxa7 Rxa7 13. Qe3 Nc6 14. g3 Ra8
15. Rae1 Kh8 16. Ndf3 h6 17. Kg2 Qd7 18. Ng1 g5 19. h3 Nf4+ 20. gxf4 exf4 21.
Qd2 Bxh3+ 22. Nxh3 Qg4+ 23. Kh2 Qxh4 24. d4 Rg8 25. Rh1 f3 26. Reg1 g4 27. Rg3
gxh3 28. Qe3 Rxg3 29. fxg3 Qg5 30. Qxf3 Rg8 31. Rf1 Nd8 32. Kxh3 Ne6 33. Kg2 h5
34. Qf6+ Qxf6 35. Rxf6 Kg7 36. Rf5 Kg6 37. Bc2 Ng5 38. Kf2 Re8 39. e5 Kh6 40.
exd6 cxd6 41. Rf6+ Kg7 42. Rxd6 Nh3+ 43. Kf1 Re3 44. Kg2 Ng5 45. Kf2 Rf3+ 46.
Kg2 Re3 47. Kf2 Rf3+ 48. Kg2 1/2-1/2

[Event "Uruguay ch 2011"]
[Site "Montevideo URU"]
[Date "2011.03.31"]
[Round "8.2"]
[White "Larrea, Manuel"]
[Black "Colombo, Camila"]
[Result "1/2-1/2"]
[WhiteElo "2284"]
[BlackElo "2094"]
[PlyCount "125"]
[EventDate "2011.03.25"]
[EventType "tourn"]
[EventRounds "11"]
[EventCountry "URU"]
[EventCategory "1"]
[Source "lmi"]
[SourceDate "2011.03.25"]

1. d4 Nf6 2. c4 g6 3. Nc3 Bg7 4. e4 d6 5. Nf3 O-O 6. Be2 e5 7. d5 a5 8. Bg5 h6
9. Bh4 g5 10. Bg3 Na6 11. Nd2 Nc5 12. h4 g4 13. h5 Bd7 14. f3 gxf3 15. gxf3 Nh7
16. Qc2 Rb8 17. O-O-O f5 18. Bh4 Qe8 19. exf5 Bxf5 20. Nde4 Kh8 21. Rdg1 a4 22.
Qd2 Nd7 23. Bf2 Nhf6 24. Be3 Ng8 25. Bd3 Ra8 26. Qg2 Qe7 27. a3 Ndf6 28. Nxf6
Bxd3 29. Nxg8 Rxg8 30. Qd2 Bxc4 31. Bxh6 Raf8 32. Rg4 Bb3 33. Rhg1 Rf7 34. Bg5
Qf8 35. h6 Rxf3 36. hxg7+ Rxg7 37. Rh1+ Kg8 38. Rgg1 Qf5 39. Bh6 Rxg1+ 40.
Rxg1+ Kf7 41. Qg2 Rg3 42. Rf1 Rxg2 43. Rxf5+ Kg6 44. Rf8 Kxh6 45. Rc8 Rc2+ 46.
Kb1 Rf2 47. Kc1 Rf7 48. Kd2 Kg5 49. Ke3 Kf5 50. Rb8 c6 51. Ne4 Rd7 52. Rf8+ Kg6
53. dxc6 bxc6 54. Rf6+ Kg7 55. Rxd6 Rxd6 56. Nxd6 Kf6 57. Ne4+ Ke6 58. Kd3 Kd5
59. Nc3+ Kc5 60. Ne4+ Kd5 61. Nc3+ Ke6 62. Ne4 Kd5 63. Nc3+ 1/2-1/2

[Event "Uruguay ch 2011"]
[Site "Montevideo URU"]
[Date "2011.03.31"]
[Round "8.3"]
[White "Guerrero, Alvaro"]
[Black "Crosa Coll, Martin"]
[Result "0-1"]
[WhiteElo "2216"]
[BlackElo "2354"]
[PlyCount "64"]
[EventDate "2011.03.25"]
[EventType "tourn"]
[EventRounds "11"]
[EventCountry "URU"]
[EventCategory "1"]
[Source "lmi"]
[SourceDate "2011.03.25"]

1. d4 Nf6 2. c4 g6 3. Nc3 Bg7 4. e4 d6 5. f3 O-O 6. Be3 e5 7. Nge2 c6 8. d5
cxd5 9. cxd5 a6 10. Qd2 Nbd7 11. Nc1 b5 12. b4 Nb6 13. Nb3 Bd7 14. Na5 Nh5 15.
O-O-O Rc8 16. Kb1 f5 17. Rc1 Nf6 18. h3 fxe4 19. fxe4 Rxc3 20. Qxc3 Nxe4 21.
Qb3 Na4 22. Bd3 Nf2 23. Bxf2 Rxf2 24. Rc2 Rxc2 25. Kxc2 Qh4 26. Rf1 e4 27. Be2
Qg5 28. g4 Nc3 29. Rf2 Qe3 30. Rg2 Qxh3 31. Rf2 Qg3 32. Rf1 Qg2 0-1

[Event "Uruguay ch 2011"]
[Site "Montevideo URU"]
[Date "2011.03.31"]
[Round "8.4"]
[White "Muniz, Rafael"]
[Black "Granara Barreto, Sebastian"]
[Result "1/2-1/2"]
[WhiteElo "2190"]
[BlackElo "2171"]
[PlyCount "20"]
[EventDate "2011.03.25"]
[EventType "tourn"]
[EventRounds "11"]
[EventCountry "URU"]
[EventCategory "1"]
[Source "lmi"]
[SourceDate "2011.03.25"]

1. e4 e5 2. Nf3 Nf6 3. Nxe5 d6 4. Nf3 Nxe4 5. d3 Nf6 6. Qe2+ Qe7 7. Qxe7+ Bxe7
8. Be2 O-O 9. O-O h6 10. Nc3 c6 1/2-1/2

[Event "Uruguay ch 2011"]
[Site "Montevideo URU"]
[Date "2011.03.31"]
[Round "8.5"]
[White "Rodriguez Vila, Andres"]
[Black "Curi, Gabriel"]
[Result "1-0"]
[WhiteElo "2527"]
[BlackElo "2195"]
[PlyCount "37"]
[EventDate "2011.03.25"]
[EventType "tourn"]
[EventRounds "11"]
[EventCountry "URU"]
[EventCategory "1"]
[Source "lmi"]
[SourceDate "2011.03.25"]

1. e4 e6 2. d4 d5 3. e5 c5 4. c3 Qb6 5. Nf3 Nc6 6. Bd3 Nge7 7. O-O cxd4 8. cxd4
Nf5 9. Bxf5 exf5 10. Nc3 Be6 11. Ne2 h6 12. h4 Be7 13. Qa4 O-O 14. Nf4 g5 15.
hxg5 hxg5 16. Nxe6 fxe6 17. Bxg5 Bxg5 18. Nxg5 Nxd4 19. Qd7 1-0

[Event "Uruguay ch 2011"]
[Site "Montevideo URU"]
[Date "2011.03.31"]
[Round "8.6"]
[White "Arean, Martin"]
[Black "Roselli Mailhe, Bernardo"]
[Result "0-1"]
[WhiteElo "1982"]
[BlackElo "2420"]
[PlyCount "74"]
[EventDate "2011.03.25"]
[EventType "tourn"]
[EventRounds "11"]
[EventCountry "URU"]
[EventCategory "1"]
[Source "lmi"]
[SourceDate "2011.03.25"]

1. d4 e6 2. c4 Bb4+ 3. Bd2 Bxd2+ 4. Qxd2 f5 5. Nf3 Nf6 6. Nc3 O-O 7. g3 d6 8.
Bg2 c6 9. O-O Qe7 10. Rab1 Nbd7 11. e3 e5 12. Qe2 e4 13. Nd2 a6 14. b4 Re8 15.
a4 a5 16. bxa5 Rxa5 17. Nb3 Ra8 18. Rfc1 Nf8 19. c5 d5 20. a5 g5 21. Qd2 Ng6
22. Ne2 Nh5 23. Rc3 f4 24. exf4 gxf4 25. Nxf4 Ngxf4 26. gxf4 Kh8 27. Kh1 Qh4
28. Rg1 Rg8 29. Re3 Bf5 30. Nc1 Rg6 31. Bf1 Rag8 32. Rxg6 Rxg6 33. a6 bxa6 34.
Qb2 Qxf4 35. Bxa6 Qg4 36. Rg3 Qd1+ 37. Kg2 Nf4# 0-1

[Event "Uruguay ch 2011"]
[Site "Montevideo URU"]
[Date "2011.04.01"]
[Round "9.1"]
[White "Roselli Mailhe, Bernardo"]
[Black "Alonso, Salvador"]
[Result "1/2-1/2"]
[WhiteElo "2420"]
[BlackElo "2467"]
[PlyCount "26"]
[EventDate "2011.03.25"]
[EventType "tourn"]
[EventRounds "11"]
[EventCountry "URU"]
[EventCategory "1"]
[Source "lmi"]
[SourceDate "2011.03.25"]

1. d4 d5 2. Nf3 Nf6 3. Bg5 Nbd7 4. e3 e6 5. c4 c6 6. Nc3 Be7 7. Rc1 O-O 8. Bd3
dxc4 9. Bxc4 Nd5 10. Bxe7 Qxe7 11. O-O Nxc3 12. Rxc3 e5 13. dxe5 Nxe5 1/2-1/2